LIBRARY & INFORMATION CENTRE, KCAET, TAVANUR

ONLINE PUBLIC ACCESS CATALOGUE (OPAC)

Encyclopaedia of seperation technology, Vol 1 / (Record no. 8991)

MARC details
000 -LEADER
fixed length control field 00451cam a2200169ua 4500
020 ## - INTERNATIONAL STANDARD BOOK NUMBER
ISBN 0-471-16124-1
041 ## - LANGUAGE CODE
Language code of text/sound track or separate title eng
082 ## - DEWEY DECIMAL CLASSIFICATION NUMBER
Classification number 030.660 284 2
Item number RUT/EN
100 ## - MAIN ENTRY--AUTHOR NAME
Personal name Ruthren, Douglas M .
245 00 - TITLE STATEMENT
Title Encyclopaedia of seperation technology, Vol 1 /
250 ## - EDITION STATEMENT
Edition statement 1 /
260 ## - PUBLICATION, DISTRIBUTION, ETC. (IMPRINT)
Place of publication London :
Name of publisher John Wiley & Sons ,
Year of publication 1997.
300 ## - PHYSICAL DESCRIPTION
Number of Pages 828 ; .
942 ## - ADDED ENTRY ELEMENTS (KOHA)
Koha item type Books
Holdings
Withdrawn status Lost status Damaged status Home library Current library Date acquired Full call number Accession Number Koha item type
      KAUAET KAUAET 07/04/2012 030.660 284 2 19902 Reference
free website counter